| 000 | 01169nam a2200265 a 4500 | ||
|---|---|---|---|
| 003 | CBULib | ||
| 005 | 20231127082948.0 | ||
| 008 | 131028s2001 ||||||||||||||||| || u | ||
| 040 |
_aCBULib _beng _cCBULib _dCBULib _erda |
||
| 050 | _aUNECA(08)BPS/2001/08A | ||
| 110 | _aUnited Nations Economic Commission For Africa(UNECA) | ||
| 245 | 1 | 0 |
_a Briefing Paper Series :Emerging trends in the negotiations under WTO: pertinent issues of concern to African countries, emerging issues pertinent to African agriculture under WTO negotiations _cby United Nations Economic Commission for Africa [UNECA] |
| 260 |
_aAddis Ababa : _bUNITED NATIONS ECONOMIC COMMISSION FOR AFRICA(UNECA), _c2001. |
||
| 300 | _aiii, 49 pages.: illustrations | ||
| 336 |
_2rdacontent _aText | _btxt |
||
| 337 |
_2rdamedia _aUnmediated | _bc |
||
| 338 |
_2rdacarrier _aVolume _bnc |
||
| 490 | _aBriefing papers series | ||
| 490 | _vNo. 8 | ||
| 500 | _aBibliography | ||
| 650 | _aWORLD TRADE ORGANIZATION (WTO) AGREEMENTS--AGRICULTURE--AFRICA | ||
| 650 | _aWORLD TRADE ORGANIZATION AGREEMENTS ON AGRICULTURE | ||
| 942 |
_2mc _c029 |
||
| 999 |
_c41746 _d41746 |
||